00574cam a2200169 i 4500020003100000040000800031082002600039100002000065245010800085300004600193650003900239650001500278650002200293650003300315650003200348650002400380 a9781422187272 (alk. paper) cDLC00a395 MOL 2013 A116 Or.1 aMolinsky, Andy.10aGlobal dexterity :bhow to adapt your behavior across cultures without losing yourself in the process / axxii, 200 pages :billustrations ;c22 cm 0aInternational business enterprises 0aManagement 0aCorporate culture 0aIntercultural communication. 0aDiversity in the workplace. 0aBusiness etiquette.